000 00773nam a2200217 i 4500
001 188065
003 SpMaBN
005 20230906223112.0
008 180423s1930 sp |||| | spa d
080 _a821.111(73)-31"19"
100 1 _aCurwood, James Oliver.
_942257
245 1 0 _aDonde el río nace
_b= (The river's end) /
_cpor James Oliver Curwood ; novela traducida del inglés por Adolfo Jordá.
250 _a2ª ed.
260 _aBarcelona :
_bJuventud,
_c1930.
300 _a284 p. ;
_c18 cm.
490 1 _aColección obras maestras
700 1 _aJordá, Adolfo.
_966893
830 0 _aColección obras maestras
_9180938
852 _aES-MaACL
_jL-31945
_z- Enc. cart.
_z. - Donat. herederos de la bibl. de Mª del Pilar Costa Palacín
999 _c188065
_d188065